| 000 | 00574cam a2200253ua 4500 | ||
|---|---|---|---|
| 020 | _c105.00 (PB) | ||
| 041 |
_aeng _h |
||
| 082 |
_a624.17 _bRAM/ST |
||
| 100 | _aRamamrutham, S . | ||
| 245 | _aStrength of materials | ||
| 250 |
_a11 / _b. |
||
| 260 |
_aNew Delhi : _bDhanpat Rai Publishing Co. Pvt. Ltd. , _c1997. |
||
| 300 | _a1242 ; . | ||
| 365 | _a105.00 | ||
| 500 | _a18251-52 scheme | ||
| 504 | _a | ||
| 700 | 1 |
_aNarayan, R . _9507 |
|
| 942 | _cBK | ||
| 999 |
_c74 _d74 |
||
| 003 | @ | ||
| 003 | OSt | ||